[Cenové rozhodovanie v marketingu]
Recenzia na monografiu, ktorá je výstupom projektov VEGA 1/0047/11 Koncepcia európskeho marketingu a segmentácia spoločného trhu so zameraním na výber a implementáciu marketingových stratégií pre zvýšenie konkurenčnej schopnosti slovenských podnikov na trhoch EÚ a VEGA 1/0418/11 Udržateľný marketing...
Salvato in:
| Autore principale: | |
|---|---|
| Natura: | Capitolo di libro |
| Lingua: | slovacco |
| Soggetti: | |
| Tags: |
Nessun Tag, puoi essere il primo ad aggiungerne!!
|
MARC
| LEADER | 00000naa a2200000 4500 | ||
|---|---|---|---|
| 001 | 0160039 | ||
| 005 | 20240502072758.5 | ||
| 041 | 0 | |a slo | |
| 044 | |a SK | ||
| 245 | 1 | 0 | |a [Cenové rozhodovanie v marketingu] |c Jozef Orgonáš |
| 520 | |a Recenzia na monografiu, ktorá je výstupom projektov VEGA 1/0047/11 Koncepcia európskeho marketingu a segmentácia spoločného trhu so zameraním na výber a implementáciu marketingových stratégií pre zvýšenie konkurenčnej schopnosti slovenských podnikov na trhoch EÚ a VEGA 1/0418/11 Udržateľný marketing a udržateľná spotreba. | ||
| 610 | 2 | 0 | |a marketing |
| 610 | 2 | 0 | |a recenzie |
| 610 | 2 | 0 | |a rozhodovanie |
| 610 | 2 | 0 | |a ceny |
| 100 | 1 | |a Orgonáš, Jozef, 1957- | |